Wind energy systems for electric power generation / (Record no. 11316)
[ view plain ]
| 000 -LEADER | |
|---|---|
| fixed length control field | 01077nam a22002775a 4500 |
| 001 - CONTROL NUMBER | |
| control field | 15302990 |
| 005 - DATE AND TIME OF LATEST TRANSACTION | |
| control field | 20080522124956.0 |
| 008 - FIXED-LENGTH DATA ELEMENTS--GENERAL INFORMATION | |
| fixed length control field | 080522s2008 nyu 000 0 eng |
| 010 ## - LIBRARY OF CONGRESS CONTROL NUMBER | |
| LC control number | 2008929626 |
| 020 ## - INTERNATIONAL STANDARD BOOK NUMBER | |
| International Standard Book Number | 9783540687627 (hardcover : alk. paper) |
| 020 ## - INTERNATIONAL STANDARD BOOK NUMBER | |
| International Standard Book Number | 9783540687658 (E- ISBN) |
| 040 ## - CATALOGING SOURCE | |
| Original cataloging agency | DLC |
| Transcribing agency | DLC |
| 082 ## - DEWEY DECIMAL CLASSIFICATION NUMBER | |
| Edition number | 22 |
| Classification number | 621.312136 |
| Item number | STI |
| 100 1# - MAIN ENTRY--PERSONAL NAME | |
| Personal name | Stiebler, Manfred. |
| 9 (RLIN) | 3756 |
| 245 10 - TITLE STATEMENT | |
| Title | Wind energy systems for electric power generation / |
| Statement of responsibility, etc | Manfred Stiebler. |
| 260 ## - PUBLICATION, DISTRIBUTION, ETC. (IMPRINT) | |
| Place of publication, distribution, etc | New York : |
| Name of publisher, distributor, etc | Springer, |
| Date of publication, distribution, etc | c2008. |
| 263 ## - PROJECTED PUBLICATION DATE | |
| Projected publication date | 0808 |
| 300 ## - PHYSICAL DESCRIPTION | |
| Extent | xvii, 193 p.: |
| Other physical details | ill.; |
| Dimensions | 24 cm. |
| 440 0# - | |
| -- | Green energy and technology |
| -- | 18653529 |
| -- | 3757 |
| 504 ## - BIBLIOGRAPHY, ETC. NOTE | |
| Bibliography, etc | Includes bibliographical references and index. |
| 650 0# - SUBJECT ADDED ENTRY--TOPICAL TERM | |
| Topical term or geographic name as entry element | Wind energy conversion systems. |
| 9 (RLIN) | 3758 |
| 650 0# - SUBJECT ADDED ENTRY--TOPICAL TERM | |
| Topical term or geographic name as entry element | Electric power production. |
| 9 (RLIN) | 3759 |
| 942 ## - ADDED ENTRY ELEMENTS (KOHA) | |
| Source of classification or shelving scheme | Dewey Decimal Classification |
| Item type | Book - Borrowing |
| Withdrawn status | Item status | Source of classification or shelving scheme | Damaged status | Not for loan | Vendor | Home library | Current library | Shelving location | Date acquired | Source of acquisition | Cost, normal purchase price | Serial Enumeration / chronology | Total Checkouts | Total Renewals | Full call number | Barcode | Date last seen | Date last borrowed | Koha item type |
|---|---|---|---|---|---|---|---|---|---|---|---|---|---|---|---|---|---|---|---|
| Dewey Decimal Classification | Alahram | Central Library | Central Library | First floor | 15/04/2009 | 720.40 | 362 | 7 | 18 | 621.312136 STI | 000015545 | 15/07/2025 | 25/10/2015 | Book - Borrowing |